| 000 | 01614nam a2200325 i 4500 | ||
|---|---|---|---|
| 001 | 768714001 | ||
| 003 | CO-MdFUSB | ||
| 005 | 20220402115127.0 | ||
| 007 | ta | ||
| 008 | 220215t1995 -us |||| |||| 00| 0 spa d | ||
| 020 | _a9780881130621 | ||
| 040 |
_aCO-MdFUSB _bspa _cCO-MdFUSB _dCO-MdFUSBC _erda |
||
| 041 | _aspa | ||
| 082 |
_223 _a241.664 _bEL46 |
||
| 100 |
_aElliot, Elisabeth _d1926-2015 _eautor |
||
| 245 | 1 |
_aPasión y pureza : _bcómo poner nuestra vida amorosa bajo la autoridad de Cristo _c/ Elisabeth Elliot |
|
| 264 | 1 |
_aEspaña : _bBetania, _c[1995] |
|
| 264 | 4 | _c© 1995 | |
| 300 |
_a206 páginas _c; 20 cm |
||
| 336 |
_2rdacontent _atexto _btxt |
||
| 337 |
_2rdamedia _asin mediación _bn |
||
| 338 |
_2rdacarrier _avolumen _bnc |
||
| 505 | _a¿Yo, Señor, soltera? -- La vida que debo. -- La pasión es un campo de batalla. -- Afectos indómitos. -- ¿Dios lo desea todo? -- El razonamiento de la serpiente. -- La primera cita. -- Amor constante. -- La revelación. -- ¿Dios se da cuenta? -- Dolor cenagoso. -- Compás de espera. -- Material para el sacrificio. -- El honor sobre la pasión. -- Pequeñas muertes. -- Vida de la muerte. -- Qué hacer con la soledad. -- Lo que la providencia dispuso. -- El suspiro rebelde. -- El engaño propio. -- Lo que hacen las mujeres a los hombres. -- ¿Qué buscan los hombres? -- En enredo que hemos formado. -- Sudores ardientes y pies húmedos. -- Nadie conoce los problemas. | ||
| 563 | _aRústico | ||
| 650 | 0 |
_919 _aVida cristiana |
|
| 650 | 0 |
_91346 _aSexo |
|
| 653 | _aPureza sexual -- Cristianismo. | ||
| 942 | _cBK | ||
| 945 | _aJTF-925 | ||
| 999 |
_c67207 _d67207 |
||